Lemon Demon - Marketland Lyrics - Statistics

General Stats
  • This quiz has been taken 5 times
  • The average score is 178 of 300
Answer Stats
Answer % Correct
a
100%
an
100%
buy
100%
I
100%
Market
100%
want
100%
you
100%
all
75%
and
75%
bite
75%
blanket
75%
but
75%
can
75%
could
75%
dirty
75%
dish
75%
don’t
75%
doozy
75%
eat
75%
everywhere
75%
face
75%
favorite
75%
fish
75%
go
75%
gotta
75%
hide
75%
hold
75%
holding
75%
hound
75%
hungry
75%
I’m
75%
in
75%
In
75%
it
75%
it’s
75%
lovely
75%
me
75%
moolah
75%
my
75%
no
75%
not
75%
on
75%
pear
75%
people
75%
putrid
75%
raw
75%
really
75%
rotten
75%
round
75%
so
75%
stinking
75%
Street
75%
that’s
75%
the
75%
these
75%
this
75%
to
75%
Town
75%
up
75%
use
75%
vendor
75%
vermin
75%
walking
75%
what
75%
whiskey
75%
whole
75%
with
75%
yes
75%
ago
50%
around
50%
cash
50%
demand
50%
dollar
50%
fifteen
50%
funny
50%
just
50%
lookin
50%
Marketland
50%
money
50%
now
50%
place
50%
screams
50%
smells
50%
still
50%
there
50%
too
50%
trash
50%
what’s
50%
worth
50%
wow
50%
years
50%
you’ve
50%
either
25%
going
25%
hand
25%
I’d
25%
insane
25%
is
25%
Lane
25%
obviously
25%
off
25%
shorts
25%
soiled
25%
there’s
25%
wash
25%
world
25%
your
25%
at
0%
book
0%
entertained
0%
eye
0%
food
0%
guy
0%
Hawking
0%
Hell
0%
his
0%
least
0%
looking
0%
merchandise
0%
muzooma
0%
new
0%
oh
0%
old
0%
one
0%
or
0%
reports
0%
sell
0%
selling
0%
some
0%
stained
0%
Urchin
0%
urine
0%
vendors
0%
well
0%
No matching quizzes found
Score Distribution
Percent of People with Each Score
Percentile by Number Answered
Your Score History
You have not taken this quiz